Weihnachtsfilme erkennen - Statistiken

Allgemein
  • Dieses Quiz wurde 243 mal gespielt
  • Das Durchschnittsergebnis liegt bei 5 aus 16
Antwortstatistiken
Bildquiz Antwort % Korrekt
Der Grinch
96%
Kevin-Allein zuhause
80%
Charlie und die Schokoladenfabrik
77%
Der kleine Lord
57%
Nightmare before Christmas
43%
Eine Weihnachtsgeschichte
38%
Santa Clause
25%
Buddy- Der Weihnachtself
20%
Die Hüter des Lichts
19%
Die Muppets Weihnachtsgeschichte
17%
Niko 2
11%
Barbie: Eine Weihnachtsgeschichte
10%
Der Nussknacker und die vier Reiche
6%
Annabelle und die fliegenden Rentiere
3%
Ein Junge namens Weihnacht
3%
Mickys fröhliche Weihnachten
3%
Keine übereinstimmenden Quizze gefunden
Verteilung der Resultate
Anzahl Personen mit jedem Resultat
Perzentil nach korrekt beantworteten Fragen
Ihre Resultats-Entwicklung
Sie haben dieses Quiz noch nicht gespielt